000 00433pab a2200169 454500
008 180718b2009 xxu||||| |||| 00| 0 eng d
100 _aMazumdar, Arijit
245 _aDeregulation of the airline industry in India
260 _c2009
300 _ap.451-69.
362 _aApr-Jun
650 _aAir transport - India
650 _aAir transport
773 _aIndian Journal of Political Science
908 _aN
909 _a84148
999 _c84148
_d84148